[Event "TUR-ch U13-U18"]
[Site "Antalya"]
[Date "2020.01.23"]
[Round "7"]
[White "Ozcan, Alperen"]
[Black "Taspinar, Yanki"]
[Result "0-1"]
[WhiteElo "1516"]
[BlackElo "2215"]
[PlyCount "80"]
[EventDate "2020.01.19"]
[EventType "swiss"]
[EventRounds "11"]
[EventCountry "TUR"]
[SourceTitle "CBM 195 Extra"]
[Source "ChessBase"]
[SourceDate "2020.05.31"]
[SourceVersion "1"]
[SourceVersionDate "2020.05.31"]
[SourceQuality "1"]

1. d4 d5 2. Bf4 c5 3. c3 Nc6 4. e3 Nf6 5. Bd3 Qb6 6. Qc1 g6 7. Nf3 Bg7 8. Nbd2 0-0 9. 0-0 Be6 10. Re1 Rac8 11. dxc5 Qxc5 12. Nd4 Bd7 13. N2b3 Qb6 14. Qd2 Rfe8 15. Nxc6 Bxc6 16. Be5 Ne4 17. Bxe4 Bxe5 18. Bf3 Red8 19. Nd4 Be8 20. g3 Bg7 21. Bg2 e5 22. Nb3 Bc6 23. Red1 Rd7 24. Bh3 f5 25. g4 Rf8 26. gxf5 gxf5 27. Qc2 Qd8 28. Nc5 Qg5+ 29. Bg2 Rd6 30. Qe2 f4 31. exf4 Rxf4 32. f3 Rh6 33. Nd3 Rfh4 34. Nf2 Rg6 35. Ng4 e4 36. h3 exf3 37. Qxf3 h5 38. Rf1 hxg4 39. Qf7+ Kh7 40. hxg4 Rxg4 0-1